000
00273 a2200109 4500
005
20260513164726.0
100
_a
Кітс Д.
_9
25231
245
_a
Поезій
260
_b
Дніпро
_c
1968
440
_a
Перлини світової лірики
_9
25232
942
_c
BK
999
_c
580698
_d
580698